| 000 | 00674nam a22002057a 4500 | ||
|---|---|---|---|
| 003 | OSt | ||
| 005 | 20240716114402.0 | ||
| 008 | 240716b |||||||| |||| 00| 0 eng d | ||
| 020 | _a9781934970362 | ||
| 040 |
_aDDC _cMUST |
||
| 082 | _a363.73874 COT 2009 | ||
| 100 |
_aCotts Nat _918748 |
||
| 245 |
_aGlobal Warming and Health: _bHealth and The Environment/ _cCotts Nat |
||
| 260 |
_aAlphaHouse Publishing: _bNew YORK; _c2009. |
||
| 300 |
_a112P,: _bill; ( some col), _c24cm. |
||
| 440 |
_aGlobal Warming and Health: _nHealth and The Environment/ _918749 |
||
| 504 | _aIncludes Bibliographical Indexes | ||
| 650 |
_aHealth and the Environment _918750 |
||
| 942 |
_2ddc _cO_SHELF |
||
| 999 |
_c9190 _d9190 |
||